[Event "ICS rated blitz match"]
[Site "207.99.83.229"]
[Date "1999.07.20"]
[Round "?"]
[White "Panthee"]
[Black "Hossa"]
[Result "0-1"]
[WhiteElo "2227"]
[BlackElo "2446"]
[Annotator "Fritz 5.32 (10s)"]
[PlyCount "38"]
[EventDate "1999.??.??"]

1. e4 1... Nf6 $14 {Opening = B04 - 3.d4 d6 4.Nf3 ---} (1... e5 2. Nf3 $11) 2.
e5 Nd5 3. d4 d6 4. Nf3 Nc6 5. c4 Nb6 6. exd6 6... Bg4 $16 (6... exd6 $5 7. Be2
7... Bf5 $14) 7. dxc7 Qxc7 8. d5 {Weiss erobert Raum} 8... Na5 9. Nbd2 Bxf3 (
9... Nbxc4 $2 {geht nicht} 10. Bxc4 O-O-O 11. Bb3 $18) (9... Naxc4 $2 {
laeuft nicht} 10. Nxc4 Bxf3 11. gxf3 $18 (11. Qxf3 $6 11... Nxc4 12. Bf4 Qa5+
13. Qc3 Qxc3+ 14. bxc3 14... Na3 $11)) 10. gxf3 10... Rc8 {Wird c4 fallen?} (
10... Naxc4 $2 {funktioniert nicht} 11. Nxc4 Rc8 12. Nxb6 Qxb6 13. Qa4+ Kd8 14.
Bh3 $18) 11. Qe2 Naxc4 12. Nxc4 Nxc4 13. Qxc4 Qxc4 14. Bxc4 Rxc4 15. Be3 a5 16.
Kd2 Rc8 17. Rac1 $15 (17. Bb6 17... g6 $11) 17... Rd8 18. Rc5 e6 19. Rxa5 $4
$19 (19. Rc7 $15 $142 {war die einzige Moeglichkeit, noch zu kaempfen}) 19...
Bb4+ (19... Bb4+ 20. Ke2 Bxa5 21. dxe6 21... fxe6 $19) 0-1

[Event "ICS rated blitz match"]
[Site "207.99.83.229"]
[Date "1999.07.20"]
[Round "?"]
[White "Hossa"]
[Black "Panthee"]
[Result "1-0"]
[WhiteElo "2453"]
[BlackElo "2220"]
[Annotator "Fritz 5.32 (10s)"]
[PlyCount "43"]
[EventDate "1999.??.??"]

1. d4 1... e6 {Opening = A56 - 2.c4 c5 (3.d5 e5)} 2. c4 c5 3. e3 Nf6 4. Bd3 (4.
Nf3 Be7 5. Nc3 O-O 6. Be2 a6 7. O-O b6 8. b3 Bb7 9. Bb2 Qc7 10. Qc2 Nc6 11. a3
Rac8 12. Rfd1 d6 13. d5 exd5 14. Nxd5 Nxd5 15. cxd5 Nb8 16. Bd3 h6 17. Bf5 Rcd8
18. Qc4 {1-0 Papagorasz,M-Khasanova,E/EuYouth U14 Girls, Tallinn EST 1997 (18)}
) 4... d5 5. Nc3 5... Nc6 $146 (5... dxc4 6. Bxc4 cxd4 7. exd4 Nc6 8. Nf3 Bb4
9. O-O Bxc3 10. bxc3 O-O 11. Re1 h6 12. Ne5 Nxe5 13. Rxe5 Nd7 14. Re3 Nb6 15.
Bd3 Nd5 16. Rg3 Qf6 17. c4 Ne7 18. Rf3 Nf5 19. Be3 Nxe3 20. fxe3 {
Jonkheer,A-Westerweele,H/op, Vlissingen NED (6) 1996/1-0 (38)}) 6. Nge2 Be7 7.
O-O O-O 8. b3 8... a6 {Verwehrt dem Gegner b5} 9. Bb2 9... Bd7 $14 (9... cxd4
10. exd4 b6 11. cxd5 exd5 12. Rc1 $11) 10. cxd5 {Weiss ergreift die Initiative}
10... Nxd5 $16 (10... exd5 $5 $142 {und Schwarz kann noch kaempfen} 11. dxc5
11... Bxc5 $11) 11. Qc2 $11 (11. Nxd5 $5 $142 11... exd5 12. dxc5 $16) 11... g6
$2 $16 {Ueberdeckt f5} (11... Ndb4 $142 {damit waere Schwarz im Spiel geblieben
} 12. Bxh7+ 12... Kh8 $14) 12. Nxd5 exd5 13. dxc5 Bf6 14. Nf4 Nb4 15. Bxf6 Qxf6
16. Qd2 Nxd3 17. Nxd3 (17. Qxd3 $6 17... Bb5 18. Qxd5 Bxf1 19. Rxf1 19... Qb2
$14) 17... Be6 18. Nb4 Rfd8 19. c6 bxc6 20. Nxc6 Rdc8 21. Rac1 Bh3 (21... Qg5
$5 $18) 22. Qxd5 $1 {logisch und kraftvoll. . . . . . .} (22. Qxd5 Bf5 23. e4
$18) ({Nachteilig ist} 22. gxh3 22... Rxc6 23. Qxd5 23... Rcc8 $18) 1-0

[Event "ICS rated blitz match"]
[Site "207.99.83.229"]
[Date "1999.07.20"]
[Round "?"]
[White "Panthee"]
[Black "Hossa"]
[Result "0-1"]
[WhiteElo "2213"]
[BlackElo "2460"]
[Annotator "Fritz 5.32 (10s)"]
[PlyCount "33"]
[EventDate "1999.??.??"]

1. d4 1... d5 {Opening = D37 - 4.Nf3 ---} 2. c4 e6 3. Nc3 Nf6 4. Nf3 Nbd7 5.
Bf4 dxc4 6. e4 Bb4 7. Bxc4 Nxe4 8. O-O Nxc3 9. bxc3 9... Bxc3 $146 {
Schwarz erlangt Initiative} (9... Bd6 10. Bg5 Be7 11. Bd2 O-O 12. Qe2 c5 13.
Rfd1 cxd4 14. cxd4 Nf6 15. Ne5 Nd5 16. Qh5 Bd7 17. Rdb1 Bc6 18. Nxc6 bxc6 19.
Rb3 Qd6 20. Rh3 Nf6 21. Qh4 Rfd8 22. Be3 g6 23. Rc1 h5 24. Qg3 {
Vescovi,G-Krasenkov,M/Sigeman Wernbro & Co Grandmaster Tourna 1995/ - (50)})
10. Rc1 Bb2 11. Rc2 Ba3 12. Bxc7 $2 $19 (12. d5 $142 12... e5 13. Nxe5 $17)
12... Qxc7 13. Bxe6 Qd6 14. Bxf7+ (14. Bxd7+ Bxd7 (14... Kxd7 $143 15. Ne5+ Ke8
16. Nc4 $19) 15. Re1+ 15... Kf8 $19) 14... Kxf7 15. Ng5+ (15. Rc3 Bb4 16. Ng5+
16... Kf8 $19) 15... Kg6 16. f4 Nf6 (16... Qd5 $19 $142 {
entschiede die Partie sofort}) 17. Qd3+ $4 {damit ist die Partie vorbei} (17.
Rxc8 $142 17... Raxc8 18. Qd3+ Ne4 19. Qxe4+ Kf6 20. g4 $19) 0-1

[Event "ICS rated blitz match"]
[Site "207.99.83.229"]
[Date "1999.07.20"]
[Round "?"]
[White "Hossa"]
[Black "Tim"]
[Result "1-0"]
[WhiteElo "2466"]
[BlackElo "2446"]
[Annotator "Fritz 5.32 (10s)"]
[PlyCount "87"]
[EventDate "1999.??.??"]

1. d4 1... d5 {Opening = D07 - 2.c4 Nc6} 2. c4 Nc6 3. Nc3 e5 (3... dxc4 4. Nf3
Nf6 5. e4 Bg4 6. Be3 e6 7. Bxc4 Bb4 8. Bd3 O-O 9. e5 Bxf3 10. Qxf3 Nd5 11. Qe4
g6 12. Rc1 Nxe3 13. fxe3 Be7 14. O-O Nb4 15. Bb1 c6 16. Qf3 Bg5 17. Ne4 Nd5 18.
Rce1 {Kiese,M-Hoerhammer,S/Bad Zwesten GER 1999/1-0 (37)}) 4. cxd5 Nxd4 5. e3
Nf5 6. e4 $146 (6. Bb5+ Bd7 7. Bxd7+ (7. Qa4 Nd6 8. Bxd7+ Qxd7 9. Qxd7+ Kxd7
10. e4 f5 11. f4 Nxe4 12. fxe5 Bb4 13. Nge2 Ne7 14. Be3 Rad8 15. O-O-O Kc8 16.
Nxe4 fxe4 17. a3 Nxd5 18. Rxd5 Rxd5 19. axb4 Rxe5 20. Bd4 Re7 21. Rf1 21... Rd8
{Quiroga,F-Mendez,E/ch-ARG q-final, Buenos Aires ARG (4) 1996/ - (44)}) 7...
Qxd7 8. Nf3 Bd6 9. e4 Nfe7 10. h3 a6 11. Be3 Ng6 12. Qb3 b6 13. O-O Nf6 14. Qc2
O-O 15. Rac1 Nh5 16. Ne2 Ne7 17. Rfd1 Kh8 18. Qc3 Qa4 19. Nd2 f5 20. f3 20...
Nf6 {Gurevich,M-Ye Rongguang/op, Zwolle NED (5) 1996/1-0 (42)}) (6. Nf3 f6 7.
e4 Nd6 8. Bd3 Ne7 9. Nh4 g6 10. O-O Bg7 11. f4 Nf7 12. Nf3 exf4 13. Bxf4 a6 14.
Qa4+ Bd7 15. Qb3 b6 16. Rae1 O-O 17. e5 fxe5 18. Nxe5 Nxe5 19. Bxe5 Rxf1+ 20.
Bxf1 20... Bxe5 {Reilly,T-Levi,E/Masters, Melbourne (1) 1995/1-0 (36)}) 6...
Nd4 7. Be3 Bc5 8. f4 Qf6 9. fxe5 Qxe5 10. Bc4 $11 (10. Qd2 Nc2+ 11. Qxc2 Bxe3
12. Bb5+ 12... Kf8 $11) 10... Nf6 11. Nf3 Nxf3+ 12. Qxf3 12... Bxe3 $11 (12...
Bb4 13. O-O $15) 13. Qxe3 O-O 14. O-O-O Bd7 15. Rdf1 Rfe8 16. Qf4 Qxf4+ 17.
Rxf4 Re5 18. Rhf1 Rae8 19. g3 19... a6 {Kontrolliert b5} 20. Bb3 Bh3 21. Rxf6
$17 (21. Re1 $5 $15 {bedarf naeherer Analyse}) 21... gxf6 22. Rxf6 Kg7 23. Rf4
f5 24. Bc2 fxe4 25. Bxe4 h6 26. d6 cxd6 27. Bxb7 a5 28. Rd4 R5e7 29. Bc6 Rd8
30. b4 $17 (30. Ra4 Rc8 31. Bb5 31... Ra8 $11) 30... axb4 31. Nd5 (31. Rxb4 $4
{der Bauer ist nicht zu nehmen} 31... Rc8 $19) 31... Re2 32. Nxb4 Rxh2 33. a4
Bg2 34. Rd2 Rh1+ 35. Kc2 Bxc6 36. Nxc6 Rc8 (36... Ra8 37. Rd4 $19) 37. Rxd6 Rg1
38. a5 Rxg3 39. Kb2 39... Rg6 $4 $18 {wirft den sicheren Gewinn weg} (39... Rf8
$142 {und Schwarz bekommt die Oberhand} 40. Kc2 Rf2+ 41. Rd2 Rxd2+ 42. Kxd2
42... Ra3 $19) 40. Rxg6+ Kxg6 (40... Kh7 $18 {
haette noch versucht werden koennen}) 41. Ne7+ Kf6 42. Nxc8 Ke6 43. a6 Kd7 44.
a7 (44. a7 Kxc8 45. a8=Q+ Kd7 46. Kc3 $18) 1-0

[Event "ICS rated blitz match"]
[Site "207.99.83.229"]
[Date "1999.07.20"]
[Round "?"]
[White "Tim"]
[Black "Hossa"]
[Result "1-0"]
[WhiteElo "2431"]
[BlackElo "2481"]
[PlyCount "54"]
[EventDate "1999.??.??"]

1. d4 d5 2. e4 dxe4 3. Nc3 Nf6 4. f3 Bf5 5. fxe4 Nxe4 6. Qf3 Nd6 7. Bf4 Bxc2 8.
Rc1 Nc6 9. Bxd6 Nxd4 10. Qxb7 Rb8 11. Qxa7 Nc6 12. Qxc7 Qxc7 13. Bxc7 Rxb2 14.
Bb5 Kd7 15. Bf4 e6 16. Nf3 Bb4 17. Bd2 Bxc3 18. Bxc6+ Kxc6 19. Bxc3 Rxa2 20.
Rxc2 Rxc2 21. Nd4+ Kd5 22. Nxc2 Rc8 23. Kd2 e5 24. Ra1 Rd8 25. Ne3+ Ke6+ 26.
Ke2 f6 27. Ra6+ 27... Kf7 {Hossa resigns} 1-0

[Event "ICS rated blitz match"]
[Site "207.99.83.229"]
[Date "1999.07.20"]
[Round "?"]
[White "amateur-58"]
[Black "Hossa"]
[Result "0-1"]
[WhiteElo "2084"]
[BlackElo "2463"]
[PlyCount "90"]
[EventDate "1999.??.??"]

1. d4 d5 2. c4 e6 3. Nc3 Nf6 4. Bg5 c6 5. e3 Be7 6. Nf3 O-O 7. Bd3 Nbd7 8. O-O
Ng4 9. Bxe7 Qxe7 10. h3 Ngf6 11. e4 dxe4 12. Nxe4 Nxe4 13. Bxe4 c5 14. d5 exd5
15. Bxd5 Nb6 16. Re1 Be6 17. Bxe6 fxe6 18. Qe2 Rad8 19. b3 Rd6 20. Rad1 Rfd8
21. Rxd6 Rxd6 22. Qe3 Nd7 23. Ng5 Ra6 24. Re2 e5 25. h4 h6 26. Nf3 Re6 27. g3
Qf7 28. Qe4 Nf6 29. Qd5 Nxd5 30. cxd5 Qxf3 31. dxe6 Qxe2 32. e7 Kf7 33. e8=Q+
Kxe8 34. Kg2 Qxa2 35. g4 Qxb3 36. g5 h5 37. g6 Qd5+ 38. Kg3 c4 39. Kh3 Qf3+ 40.
Kh2 Qxf2+ 41. Kh3 Qf3+ 42. Kh2 c3 43. Kg1 Qe2 44. Kh1 c2 45. Kg1 45... c1=Q# {
amateur-58 checkmated} 0-1

[Event "ICS Rated blitz match"]
[Site "207.99.83.229"]
[Date "1999.07.20"]
[Round "?"]
[White "Hossa"]
[Black "Talmoves"]
[Result "0-1"]
[WhiteElo "2466"]
[BlackElo "2752"]
[PlyCount "52"]
[EventDate "1999.??.??"]

1. d4 Nf6 2. c4 e6 3. Nc3 Bb4 4. Bg5 h6 5. Bh4 c5 6. d5 d6 7. Rc1 e5 8. a3
Bxc3+ 9. Rxc3 g5 10. Bg3 Ne4 11. Re3 Qa5+ 12. b4 cxb4 13. Qc1 bxa3+ 14. Kd1 a2
15. Ra3 Qb4 16. Nf3 Bd7 17. Ne1 Ba4+ 18. Rxa4 Qxa4+ 19. Nc2 Na6 20. Bxe5 dxe5
21. Qa1 Nb4 22. Qxe5+ Kd8 23. Qxe4 a1=Q+ 24. Kd2 Nxc2 25. Qe5 Qb4+ 26. Kxc2
26... Qab1# {Hossa checkmated} 0-1

[Event "ICS rated blitz match"]
[Site "207.99.83.229"]
[Date "1999.07.20"]
[Round "?"]
[White "Talmoves"]
[Black "Hossa"]
[Result "1-0"]
[WhiteElo "2757"]
[BlackElo "2461"]
[PlyCount "153"]
[EventDate "1999.??.??"]

1. Nf3 Nf6 2. c4 e6 3. d4 d5 4. Nc3 c6 5. e3 Bb4 6. Bd3 b6 7. Qc2 Ba6 8. Ne5
Bd6 9. cxd5 Bxd3 10. Qxd3 cxd5 11. Qb5+ Nbd7 12. Bd2 a6 13. Qc6 Bxe5 14. dxe5
Ng4 15. f4 Rc8 16. Qa4 O-O 17. Qxa6 Qh4+ 18. g3 Qh3 19. Qf1 Qxf1+ 20. Kxf1 f6
21. h3 Nh6 22. exf6 Nxf6 23. g4 Nf7 24. Ke2 Nd6 25. Rhc1 Rfd8 26. b3 Re8 27. a4
Rc5 28. b4 Rcc8 29. a5 bxa5 30. bxa5 e5 31. g5 Nh5 32. Nxd5 Rxc1 33. Bxc1 exf4
34. a6 Nb5 35. Kf3 fxe3 36. Bxe3 Re5 37. Nb4 Re8 38. a7 Ra8 39. Nd5 g6 40. Ra5
Nxa7 41. Rxa7 Rxa7 42. Bxa7 Ng7 43. Nf6+ Kh8 44. Ke4 Nf5 45. Kf4 h6 46. gxh6
Nxh6 47. Kg5 Kg7 48. Ne8+ Kh7 49. Nd6 Ng8 50. Nc4 Ne7 51. Ne5 Nf5 52. Nxg6 Nd6
53. Nf8+ Kg8 54. Nd7 Kf7 55. h4 Ne4+ 56. Kh6 Ke7 57. Nc5 Nd2 58. h5 Kf6 59. Bb6
Kf7 60. Kh7 Nf3 61. Ne4 Nh4 62. Nd6+ Ke6 63. Bc7 Kd7 64. Bb8 Nf3 65. h6 Ke6 66.
Kg7 Kd5 67. h7 Kd4 68. h8=Q Nd2 69. Qh3 Nb1 70. Qf3 Nd2 71. Ba7+ Ke5 72. Nf7+
Ke6 73. Qc6+ Kf5 74. Bb8 Kg4 75. Qg2+ Kh4 76. Qg5+ Kh3 77. Qg3# {
Hossa checkmated} 1-0

[Event "ICS rated blitz match"]
[Site "207.99.83.229"]
[Date "1999.07.20"]
[Round "?"]
[White "Hossa"]
[Black "topolino"]
[Result "0-1"]
[WhiteElo "2456"]
[BlackElo "2644"]
[PlyCount "56"]
[EventDate "1999.??.??"]

1. d4 e6 2. c4 d5 3. cxd5 exd5 4. Nc3 c5 5. dxc5 d4 6. Na4 b5 7. cxb6 axb6 8.
b3 Nf6 9. e3 Bd7 10. Qxd4 Nc6 11. Qd1 Ne4 12. Bd2 Nxd2 13. Bb5 Ne4 14. Nf3 Bb4+
15. Kf1 Qc7 16. Bxc6 Bxc6 17. Rc1 Rd8 18. Nd4 Qb7 19. Qh5 Rd5 20. Qh4 Nd2+ 21.
Kg1 Bxa4 22. Nc2 Rc5 23. Qxb4 Qxg2+ 24. Kxg2 Rg5+ 25. Qg4 Rxg4+ 26. Kh3 Bd7 27.
a4 Nf3 28. Rcd1 28... Ng5# {Hossa checkmated} 0-1

[Event "ICS rated blitz match"]
[Site "207.99.83.229"]
[Date "1999.07.21"]
[Round "?"]
[White "Abdiel"]
[Black "Hossa"]
[Result "0-1"]
[WhiteElo "2157"]
[BlackElo "2448"]
[PlyCount "64"]
[EventDate "1999.??.??"]

1. e4 Nf6 2. e5 Nd5 3. c4 Nb6 4. d4 d6 5. exd6 Qxd6 6. Nc3 Qd8 7. Nf3 Bg4 8. d5
e6 9. Be3 exd5 10. Bxb6 axb6 11. cxd5 Qe7+ 12. Be2 Bxf3 13. gxf3 Qe5 14. Qd3
Bd6 15. O-O-O O-O 16. Rde1 Re8 17. Bd1 Qxe1 18. Rxe1 Rxe1 19. Kd2 Re8 20. Bc2
Bf4+ 21. Kd1 g6 22. Ne4 Nd7 23. d6 Rxa2 24. dxc7 Bxc7 25. Qc4 Ra1+ 26. Ke2 Bxh2
27. Bb3 Re7 28. Qc8+ Kg7 29. Qd8 Bd6 30. Kd2 Bb4+ 31. Kc2 f5 32. Qxb6 32...
Nxb6 {Abdiel resigns} 0-1

[Event "ICS rated blitz match"]
[Site "207.99.83.229"]
[Date "1999.07.21"]
[Round "?"]
[White "Hossa"]
[Black "j724"]
[Result "0-1"]
[WhiteElo "2452"]
[BlackElo "2178"]
[PlyCount "63"]
[EventDate "1999.??.??"]

1. d4 Nf6 2. c4 c5 3. d5 d6 4. Nc3 g6 5. e4 Bg7 6. Bg5 O-O 7. f3 h6 8. Be3 e6
9. Qd2 Kh7 10. dxe6 Bxe6 11. O-O-O Qa5 12. Qxd6 Na6 13. Qg3 Rfd8 14. Rxd8 Rxd8
15. Qh4 Nb4 16. e5 Nd7 17. Bg5 Rc8 18. a3 Nxe5 19. Kb1 Nbd3 20. Nd5 Bxd5 21.
cxd5 Nxb2 22. Qh3 Qxa3 23. Bxh6 Bxh6 24. f4 Qxh3 25. Nxh3 Nec4 26. Bxc4 Nxc4
27. Re1 Rb8 28. Kc2 Kg7 29. g4 Kg8 30. Kb3 Nd6 31. Kc2 b5 32. Ra1 {
Hossa resigns} 0-1

[Event "ICS rated blitz match"]
[Site "207.99.83.229"]
[Date "1999.07.21"]
[Round "?"]
[White "counterplay"]
[Black "Hossa"]
[Result "1-0"]
[WhiteElo "2744"]
[BlackElo "2425"]
[PlyCount "102"]
[EventDate "1999.??.??"]

1. d4 d5 2. c4 e6 3. Nc3 Nf6 4. Nf3 Nbd7 5. Bg5 Be7 6. e3 O-O 7. Rc1 c5 8. dxc5
Qa5 9. cxd5 exd5 10. Bb5 Nxc5 11. O-O Be6 12. Nd4 Rac8 13. f3 Rc7 14. Qd2 Kh8
15. Rfd1 Rcc8 16. Qc2 a6 17. Bf1 Bd8 18. Qd2 Qb6 19. Nxe6 fxe6 20. Na4 Qd6 21.
Bf4 Qe7 22. b4 Nxa4 23. Rxc8 Nb6 24. Rc2 e5 25. Bg5 Qf7 26. Rdc1 Qe6 27. Qe1
Qf5 28. Qh4 Kg8 29. Be2 h6 30. Bxf6 Bxf6 31. Qf2 Bd8 32. Rc5 Qh5 33. Bd1 Be7
34. Rc7 Bxb4 35. Rxb7 Rf6 36. Qb2 Ba5 37. Rb8+ Kh7 38. Bc2+ Rg6 39. Bxg6+ Qxg6
40. Qe2 Nc4 41. Kh1 Bc7 42. Rb7 Qc6 43. Qd3+ Kh8 44. Rbb1 e4 45. fxe4 Qg6 46.
Qxd5 Qxg2+ 47. Kxg2 Nxe3+ 48. Kh3 Nxd5 49. exd5 Bf4 50. Rc8+ Kh7 51. Rb6 51...
g5 {Hossa resigns} 1-0

[Event "ICS rated blitz match"]
[Site "207.99.83.229"]
[Date "1999.07.21"]
[Round "?"]
[White "pagoda"]
[Black "Hossa"]
[Result "0-1"]
[WhiteElo "2004"]
[BlackElo "2424"]
[Annotator "Fritz 5.32 (17s)"]
[PlyCount "34"]
[EventDate "1999.??.??"]

1. e4 1... Nf6 $14 {Opening = B02 - 1.e4 Nf6(2.e5 Nd5 3.---)} (1... e5 2. Nf3
$11) 2. e5 Nd5 3. c4 Nb6 4. c5 Nd5 5. Bc4 5... e6 {Ueberdeckt d5} 6. Nc3 $15 (
6. d4 $5 $11) 6... Bxc5 7. Bxd5 exd5 8. Nxd5 c6 9. Ne3 Bxe3 10. dxe3 Qa5+ 11.
Bd2 Qxe5 12. Nf3 $19 (12. Bc3 $5 $142 {muss geprueft werden} 12... Qe4 13. Qd6
$15) 12... Qxb2 13. Rb1 (13. e4 O-O 14. O-O 14... Re8 $19) 13... Qxa2 14. Bb4
d5 15. Qd4 $4 {das letzte Eigentor} (15. O-O Qc4 16. e4 $19) 15... Qxb1+ 16.
Ke2 Qc2+ (16... Qxh1 $4 {Schwarz ist zu gefraessig} 17. Qc5 $1 {
die Entscheidung} 17... Qe1+ 18. Kxe1 a5 19. Qe7#) 17. Nd2 Qg6 (17... Qg6 18.
Ra1 18... Na6 $19) 0-1

[Event "ICS rated blitz match"]
[Site "207.99.83.229"]
[Date "1999.07.21"]
[Round "?"]
[White "Hossa"]
[Black "pagoda"]
[Result "0-1"]
[WhiteElo "2427"]
[BlackElo "2001"]
[PlyCount "43"]
[EventDate "1999.??.??"]

1. d4 Nf6 2. c4 e6 3. Nc3 Bb4 4. Bg5 c5 5. e4 Qa5 6. Bxf6 Bxc3+ 7. bxc3 Qxc3+
8. Ke2 gxf6 9. dxc5 Qxc4+ 10. Kf3 Qxc5 11. Rc1 Qa3+ 12. Kg4 Nc6 13. Kh4 Rg8 14.
Qc2 Qf8 15. Qd2 Rg5 16. Qxg5 fxg5+ 17. Kh5 Qg7 18. Nf3 f5 19. exf5 exf5 20.
Re1+ Kf8 21. Nh4 gxh4 22. f3 {Hossa resigns} 0-1

[Event "ICS rated blitz match"]
[Site "207.99.83.229"]
[Date "1999.07.21"]
[Round "?"]
[White "pagoda"]
[Black "Hossa"]
[Result "0-1"]
[WhiteElo "2056"]
[BlackElo "2372"]
[PlyCount "86"]
[EventDate "1999.??.??"]

1. e4 Nf6 2. e5 Nd5 3. c4 Nb6 4. c5 Nd5 5. Bc4 e6 6. Nc3 Bxc5 7. Bxd5 exd5 8.
Nxd5 c6 9. Ne3 Bxe3 10. dxe3 Qa5+ 11. Bd2 Qxe5 12. Nf3 Qxb2 13. Rb1 Qxa2 14.
Bb4 d5 15. O-O Bf5 16. Qd4 f6 17. Qc5 Kd7 18. Qd6+ Kc8 19. Rbc1 Rd8 20. Qe7 Na6
21. Bd6 h6 22. Nd4 Bd7 23. Ne6 Re8 24. Qxg7 Rxe6 25. Bg3 Kd8 26. e4 h5 27. exd5
cxd5 28. Qh8+ Be8 29. Rfd1 Rc8 30. Rxc8+ Kxc8 31. Qg8 Qe2 32. Rf1 d4 33. h4 Rc6
34. Qd5 Qc4 35. Qe4 Re6 36. Qf4 Qd3 37. Ra1 Qe4 38. Qc1+ Bc6 39. f3 Qd5 40. Kh2
Re2 41. Qd1 Qxf3 42. Qg1 Rxg2+ 43. Qxg2 43... Qxg2# {pagoda checkmated} 0-1

[Event "ICS Rated blitz match"]
[Site "207.99.83.229"]
[Date "1999.07.21"]
[Round "?"]
[White "Hossa"]
[Black "robbok1"]
[Result "1-0"]
[WhiteElo "2376"]
[BlackElo "2550"]
[PlyCount "127"]
[EventDate "1999.??.??"]

1. d4 Nf6 2. c4 c5 3. d5 b5 4. cxb5 a6 5. f3 g6 6. e4 d6 7. Bg5 Bg7 8. Qd2 h6
9. Be3 Nbd7 10. Nc3 Qb6 11. Rb1 axb5 12. b4 Ba6 13. bxc5 dxc5 14. Bxb5 Bxb5 15.
Rxb5 Qc7 16. Nge2 g5 17. O-O Nh5 18. Rfb1 Be5 19. h4 Ra7 20. hxg5 hxg5 21. Bxg5
Ng3 22. Nxg3 Bd4+ 23. Be3 Bxe3+ 24. Qxe3 Qxg3 25. Rb7 Ra6 26. Qe1 Qh2+ 27. Kf1
Qf4 28. Qf2 Rh1+ 29. Ke2 Rxb1 30. Rxb1 Ra3 31. Rb3 Rxb3 32. axb3 Qb8 33. Qh4
Qxb3 34. Qh8+ Nf8 35. Kd3 Qb2 36. Qe5 Nd7 37. Qc7 e6 38. dxe6 fxe6 39. Qd6 c4+
40. Kxc4 Nb6+ 41. Kd3 Qb3 42. Qc6+ Kf7 43. Qb5 Qxb5+ 44. Nxb5 e5 45. g3 Nd7 46.
f4 Kf6 47. Kc4 exf4 48. gxf4 Ke6 49. Nd4+ Kd6 50. Nb3 Nb6+ 51. Kd4 Ke6 52. Nc5+
Kf6 53. f5 Nc8 54. Nd7+ Ke7 55. Ne5 Na7 56. Nc4 Nc6+ 57. Kc5 Nb8 58. e5 Na6+
59. Kb5 Nc7+ 60. Kc6 Na6 61. Ne3 Nb8+ 62. Kd5 Na6 63. f6+ Kf7 64. Kd6 {
robbok1 resigns} 1-0

[Event "ICS rated blitz match"]
[Site "207.99.83.229"]
[Date "1999.07.21"]
[Round "?"]
[White "robbok1"]
[Black "Hossa"]
[Result "1-0"]
[WhiteElo "2527"]
[BlackElo "2399"]
[PlyCount "124"]
[EventDate "1999.??.??"]

1. e4 Nf6 2. e5 Nd5 3. c4 Nb6 4. c5 Nd5 5. Nc3 Nxc3 6. dxc3 e6 7. Be3 b6 8.
cxb6 axb6 9. Nf3 Nc6 10. Bd3 Ba6 11. Bxa6 Rxa6 12. O-O Ra5 13. Bf4 d6 14. Qe2
Be7 15. b4 Ra3 16. exd6 Bxd6 17. Qb2 Qa8 18. Bc1 Ra4 19. Qe2 O-O 20. Rd1 e5 21.
a3 f6 22. Qc4+ Kh8 23. Be3 Rd8 24. Nd2 Bf8 25. Nf1 Rd6 26. Rxd6 Bxd6 27. Qf7 b5
28. Qd5 Qb7 29. Ng3 Nd8 30. Qb3 Qa8 31. f3 Qa6 32. Ne4 f5 33. Nxd6 cxd6 34. Bf2
Qc6 35. Rd1 Ra8 36. Bh4 Rc8 37. Qd5 Nb7 38. Qxc6 Rxc6 39. Rd5 Rxc3 40. Rxb5 Rc7
41. a4 h6 42. a5 Rc1+ 43. Kf2 Rc2+ 44. Kf1 Nxa5 45. Rb8+ Kh7 46. bxa5 e4 47.
fxe4 fxe4 48. Be1 Rc7 49. Rd8 Rc6 50. Bb4 Rc4 51. Bxd6 Ra4 52. Bc7 Ra2 53. Re8
Rc2 54. Bb6 Rc1+ 55. Kf2 Rc2+ 56. Kg3 Rb2 57. Rxe4 h5 58. Ra4 Rb3+ 59. Kf2 Rb2+
60. Kf3 g5 61. Bd4 g4+ 62. Kg3 62... Rb8 {Hossa resigns} 1-0

[Event "ICS Rated blitz match"]
[Site "207.99.83.229"]
[Date "1999.07.21"]
[Round "?"]
[White "Hossa"]
[Black "robbok1"]
[Result "0-1"]
[WhiteElo "2389"]
[BlackElo "2537"]
[PlyCount "91"]
[EventDate "1999.??.??"]

1. d4 Nf6 2. c4 c5 3. d5 b5 4. cxb5 a6 5. f3 axb5 6. e4 Qa5+ 7. Bd2 b4 8. Na3
d6 9. Nc4 Qd8 10. a3 e6 11. Ne3 exd5 12. exd5 Be7 13. Bb5+ Bd7 14. axb4 Rxa1
15. Bxd7+ Nbxd7 16. Qxa1 Nb6 17. bxc5 dxc5 18. Qa6 Nfxd5 19. Nxd5 Nxd5 20. Ba5
Qd7 21. Qa8+ Bd8 22. Bxd8 O-O 23. Qa5 Re8+ 24. Kf2 Rxd8 25. Qxc5 Nf4 26. Qe3
Nd3+ 27. Kg3 Qd6+ 28. f4 Qg6+ 29. Kf3 Nxb2 30. Qe7 Rd3+ 31. Kf2 Nd1+ 32. Kf1
Qc6 33. Qe2 Ne3+ 34. Ke1 Qc1+ 35. Kf2 Nd1+ 36. Kf1 Nc3+ 37. Qe1 Rd1 38. Qxd1
Qxd1+ 39. Kf2 Ne4+ 40. Ke3 f5 41. Nf3 Qxh1 42. Kd4 Qxg2 43. Ne5 Qd2+ 44. Kc4
Qxf4 45. Kd5 Qd2+ 46. Kc4 {Hossa resigns} 0-1

[Event "ICS rated blitz match"]
[Site "207.99.83.229"]
[Date "1999.07.21"]
[Round "?"]
[White "MongoMisha"]
[Black "Hossa"]
[Result "0-1"]
[WhiteElo "2061"]
[BlackElo "2379"]
[PlyCount "78"]
[EventDate "1999.??.??"]

1. e4 Nf6 2. e5 Nd5 3. Nc3 Nxc3 4. dxc3 Nc6 5. Nf3 d6 6. Bc4 dxe5 7. Qxd8+ Nxd8
8. Nxe5 f6 9. Nf3 e5 10. Be3 Bd6 11. O-O-O Be6 12. Bxe6 Nxe6 13. c4 O-O-O 14.
Rd5 c6 15. Rd2 Bc5 16. Bxc5 Nxc5 17. Re1 Rxd2 18. Nxd2 Rd8 19. b3 b5 20. cxb5
cxb5 21. Ne4 Nxe4 22. Rxe4 a6 23. c4 bxc4 24. Rxc4+ Kb7 25. Rb4+ Kc7 26. Ra4
Rd6 27. Rh4 h6 28. Rg4 Rc6+ 29. Kd2 g5 30. Rg3 f5 31. Rc3 Kd7 32. Rxc6 Kxc6 33.
Kd3 Kd5 34. a3 e4+ 35. Ke3 f4+ 36. Kd2 Kd4 37. b4 Kc4 38. Kc2 g4 39. h3 39...
f3 {MongoMisha resigns} 0-1

[Event "ICS rated blitz match"]
[Site "207.99.83.229"]
[Date "1999.07.21"]
[Round "?"]
[White "Hossa"]
[Black "Slivovitz"]
[Result "1-0"]
[WhiteElo "2383"]
[BlackElo "2073"]
[Annotator "Fritz 5.32 (17s)"]
[PlyCount "36"]
[EventDate "1999.??.??"]

1. d4 1... Nf6 {Opening = E82 - 6.Be3 b6} 2. c4 g6 3. Nc3 Bg7 4. e4 d6 5. f3
O-O 6. Be3 b6 7. d5 $11 {Weiss erobert Raum} (7. Bd3 7... Bb7 $11) (7. Nge2 c5
8. d5 Na6 (8... e6 9. Ng3 exd5 10. cxd5 a6 11. Be2 Nbd7 12. Qd2 Re8 13. Bh6 Bh8
14. a4 Ne5 15. O-O Qc7 16. b3 Ra7 17. h3 Bg7 18. Bxg7 Kxg7 19. f4 Ned7 20. Bc4
Ng8 21. e5 dxe5 22. f5 Ndf6 23. Rae1 {
Razuvaev,Y-Khatov,A/Russian Cup 9th Leg, Novgorod RUS 1997/1-0 (41)}) 9. Ng3
Nc7 10. Bd3 Rb8 11. O-O Bd7 12. Qd2 b5 13. b3 bxc4 14. bxc4 e6 15. Rab1 exd5
16. exd5 Rb6 17. Rxb6 axb6 18. Bf4 Nfe8 19. Rb1 b5 20. Nce4 Bc8 21. a3 21... f5
{Gulko,B-Svidler,P/It, Erevan ARM (4) 1996/ - (34)}) (7. Qd2 c5 8. d5 e6 (8...
Re8 9. Bd3 Nbd7 10. Bc2 Ne5 11. b3 a6 12. a4 Bd7 13. h3 Bc8 14. Nge2 Nh5 15. f4
Nd7 16. g4 Nhf6 17. Ng3 e6 18. g5 exd5 19. exd5 Nh5 20. Nxh5 gxh5 21. O-O-O b5
22. cxb5 axb5 23. Nxb5 Qb6 24. Qd3 Nf8 25. Rde1 Bd7 26. f5 Bxb5 27. Qxb5 Qxb5
28. axb5 Bc3 29. Bd2 Be5 30. Rhf1 Ra1+ 31. Bb1 Rb8 32. Bf4 Nd7 33. Bxe5 Nxe5
34. Kb2 Ra5 35. Rxe5 dxe5 36. Bd3 e4 37. Bc4 Rba8 38. Re1 Ra2+ 39. Kc3 Rh2 40.
Rxe4 Rxh3+ 41. Kb2 Kg7 42. d6 Rh2+ 43. Kc3 Rh3+ 44. Kb2 44... Rh2+ {
- Ferkingstad,G-Rudaityte,I/Zanka Eu-u20w 1995 (44)}) 9. O-O-O exd5 10. Nxd5
Nc6 11. Bh6 Be6 12. Ne2 Bxd5 13. cxd5 Ne5 14. Nc3 Re8 15. Bxg7 Kxg7 16. f4 Ned7
17. Bd3 a6 18. Rde1 b5 19. Re3 c4 20. Bc2 Rc8 21. Qd4 21... Qb6 {Koopmeiners,
K-Van der Linden,L/5th Nato Championships, Breda NED (1) 1994/0-1 (39)}) 7...
e5 $14 (7... c6 $5 $11) 8. Bd3 Nbd7 9. Nge2 Nh5 10. O-O 10... f5 {
Der Standardhebel} 11. exf5 gxf5 12. Qb1 Nc5 13. Bc2 Kh8 14. b4 Nb7 15. Qe1 a5
16. b5 {Raumgewinn} 16... Qf6 17. Qf2 Bh6 18. f4 18... e4 $4 $18 (18... Qg7 $14
$142 {ist die einzige Rettung}) 1-0